Top 5 Biggest Cities in Bolivia by Population - Statistics

General Stats
  • This quiz has been taken 2 times
  • The average score is 4 of 5
Answer Stats
Population City % Correct
631k Cochabamba
100%
757k La Paz
100%
1.4m Santa Cruz de la Sierra
100%
842k El Alto
50%
465k Oruro
0%
No matching quizzes found
Score Distribution
Percent of People with Each Score
Percentile by Number Answered
Your Score History
You have not taken this quiz